000 01067nam a2200289 a 4500
001
003 DO-SdBPM
005 20250515092615.0
008 140225s20uu dr 000 0 spa d
020 _a9789945447316
040 _aDO-SdBPM
_bspa
_cBPMSU
082 4 _a302.23
_bL579c
_222
245 0 0 _aCompendio de comunicación moderna /
_ccompilación ; Patricio Jesús León Cruz ; prólogo Luis de León.
260 _aSanto Domingo :
_bYouColor,
_c[201-?].
300 _a187 p. ;
_c21 cm.
500 _aIncluye referencias bibliográficas y notas al pie de las páginas.
500 _aIncluye datos biográficos del autor en la contracubierta.
504 _aBibliografía : p. 173-174
590 _6Inventariado, 2025/VM
650 4 _aComunicación
_xAspectos sociales
_4
650 4 _aMedios de comunicación de masas
_xInnovaciones tecnológicas
_ySiglo XX
650 4 _aPeriodismo en Internet.
700 1 _aLeón Cruz, Patricio
_ecompilador
_d1989
700 1 _aLeón, Luis de
_eprólogo
910 _aVMateo V.Control de calidad. BPMSU
942 _2ddc
_cBK
999 _c13843
_d13843